Mga kuwento sa kasaysayan / (Record no. 17260)
[ view plain ]
| 000 -LEADER | |
|---|---|
| fixed length control field | 00680nam a2200205 a 4500 |
| 003 - CONTROL NUMBER IDENTIFIER | |
| control field | PILC |
| 005 - DATE AND TIME OF LATEST TRANSACTION | |
| control field | 20160306115517.0 |
| 008 - FIXED-LENGTH DATA ELEMENTS--GENERAL INFORMATION | |
| fixed length control field | 070921s2003 xx 00 eng d |
| 010 ## - LIBRARY OF CONGRESS CONTROL NUMBER | |
| LC control number | Acc#38106 |
| 020 ## - INTERNATIONAL STANDARD BOOK NUMBER | |
| International Standard Book Number | 9715062350 |
| 050 ## - LIBRARY OF CONGRESS CALL NUMBER | |
| Classification number | Fil PL 6063 .N54 |
| Item number | N146 2003 |
| 040 ## - CATALOGING SOURCE | |
| Transcribing agency | Philippine Baptist Theological Seminary |
| 100 10 - MAIN ENTRY--PERSONAL NAME | |
| Personal name | Nakpil, Carmen Guerrero |
| 245 10 - TITLE STATEMENT | |
| Title | Mga kuwento sa kasaysayan / |
| Statement of responsibility, etc. | Carmen Guerrero Nakpil; salin sa Filipino nina Roberto T. Anonuevo, at Michael M. Coroza. |
| 260 0# - PUBLICATION, DISTRIBUTION, ETC (IMPRINT) | |
| Place of publication, distribution, etc. | Manila, Phils. : |
| Name of publisher, distributor, etc. | UST Publishing House, |
| Date of publication, distribution, etc. | c2003. |
| 300 ## - PHYSICAL DESCRIPTION | |
| Extent | 220 p. ; 23 cm. |
| 650 ## - SUBJECT ADDED ENTRY--TOPICAL TERM | |
| Topical term or geographic name as entry element | PHILIPPINE ESSAY (FILIPINO) |
| 650 ## - SUBJECT ADDED ENTRY--TOPICAL TERM | |
| Topical term or geographic name as entry element | HISTORICAL ESSAYS |
| 942 ## - ADDED ENTRY ELEMENTS (KOHA) | |
| Koha item type | Circulation Books |
| Source of classification or shelving scheme | Library of Congress Classification |
| Withdrawn status | Lost status | Source of classification or shelving scheme | Damaged status | Use restrictions | Not for loan | Home library | Current library | Shelving location | Date acquired | Cost, normal purchase price | Total Checkouts | Full call number | Barcode | Date last seen | Price effective from | Koha item type |
|---|---|---|---|---|---|---|---|---|---|---|---|---|---|---|---|---|
| Dewey Decimal Classification | PBTS Library | PBTS Library | Filipiniana Section | 09/21/2007 | 340.00 | Fil PL 6063 .N54 N146 2003 | 38106 | 02/04/2026 | 04/02/2015 | Circulation Books |